|
|
|
|
| LEADER |
00000nam#a22000001a#4500 |
| 001 |
00002217 |
| 003 |
AR-BaUAD |
| 005 |
20230908141029.0 |
| 008 |
940922s1944####xxka|||##||||||||#||eng|d |
| 040 |
|
|
|a AR-BaUAD
|b spa
|c AR-BaUAD
|
| 041 |
|
|
|a eng
|
| 044 |
|
|
|c gb
|2 ISO3166-1
|
| 100 |
1 |
|
|a Lucas, Edgar
|
| 245 |
1 |
0 |
|a Building repairs and maintenance :
|b dealing with the survey of premises, demolitions and repairs to structure and supply services of buildings
|
| 260 |
|
|
|a London :
|b G. News,
|c 1944
|
| 300 |
|
|
|a 176 p. :
|b il., tablas
|
| 653 |
|
|
|a DEMOLICIONES
|
| 653 |
|
|
|a ESTRUCTURAS
|
| 653 |
|
|
|a MANTENIMIENTO
|
| 653 |
|
|
|a REHABILITACION
|
| 653 |
|
|
|a CONSTRUCCION
|
| 655 |
|
|
|a TEXTO
|
| 852 |
|
|
|c 13-5
|
| 952 |
|
|
|0 0
|1 0
|4 0
|6 135
|7 0
|9 20596
|a AR-BaUAD
|b AR-BaUAD
|d 0000-00-00
|e Compra Ateneo
|l 0
|o 13-5
|p kt1ov00002217
|r 2023-09-08 14:10:29
|w 2023-09-08
|y BK
|
| 990 |
|
|
|a Ej. No2217 : 7/7/1948 -- Compra Ateneo -- (12,80 pesos).
|b ADM
|
| 990 |
|
|
|a CO194
|b TD
|
| 990 |
|
|
|a AAQ00002217
|b CC
|
| 998 |
|
|
|a AAQ
|b Bibun 76
|
| 942 |
|
|
|c BK
|
| 999 |
|
|
|c 8771
|d 8771
|